Прокурорський нагляд за екстрадицією особи (Запис № 575850)

МАРК-запис
000 -Лідер
fixed length control field 02914nam a2200229 4500
001 - Контрольний номер
control field 2162214035924643
003 - Ідентифікатор контрольного номера
control field UA-OsUOA
005 - Дата та час останнього входження (трансакції)
control field 20240207094933.0
008 - Елементи даних фіксованої довжини – загальна інформація
fixed length control field 240207b un ||||| |||| 00| 0 ukr d
040 ## - Джерело каталогізації
Агенція оригінальної каталогізації UA-OsUOA
Мова каталогізації ukr
Агенція, яка здійснювала перезапис UA-OsUOA
Агенція, яка здійснювала модифікацію UA-OsUOA
041 ## - Код мови
Код мови тексту/ звукової доріжки чи окремого заголовка (П) ukr
080 ## - Індекс Універсальної десяткової класифікації
Індекс Універсальної десяткової класифікації (УДК) (НП) 343.13+341.44
090 ## - Локальний шифр розміщення
Класифікаційний індекс УДК 343.13+341.44
095 ## - Код спеціальності для авторефератів
Код спеціальності 12.00.09
Назва спеціальності кримінальний процес та криміналістика; судова експертиза; оперативно-розшукова діяльність
100 ## - Основне введення – ім’я особи
Ім’я особи (НП) Мотиль В. І.
9 (RLIN) 1553
245 ## - Відомості про назву
Назва (НП) Прокурорський нагляд за екстрадицією особи
Дані про відповідальність (НП) Мотиль Віктор Іванович; наук. керівник Удалова лариса Давидівна
300 ## - Фізичний опис
Обсяг 19 с.
502 ## - Примітка про дисертацію
Зв'язок автореферат дисертації на здобуття наукового ступеня кандидата юридичних наук<br/>
Наймення інституції, що представляється Національний університет державної податкової служби України
Рік отримання вченого ступеня 2012
520 ## - Резюме і т.п.
Резюме, реферат, анотація, тощо (НП) У роботі досліджені роль та місце екстрадиції в кримінально- процесуальному праві України. З’ясоване місце прокурорського нагляду в правовідносинах з екстрадиції. Визначені предмет та об’єкт прокурорського нагляду за законністю екстрадиції, а також - головні завданнями прокурора на даному напрямку його діяльності. Визначений рівень урегульованості чинним законодавством відносин у сфері прокурорського нагляду за видачею особи в Україну та видачею особи іншій державі. Встановлені основні форми реалізації прокурорського нагляду за застосуванням засобів кримінально-процесуального примусу. Визначений рівень нормативної конкретизації повноважень прокурора у сфері прокурорського нагляду за застосуванням заходів кримінально- процесуального примусу. Досліджене нормативне регулювання порядку судового розгляду скарг осіб, до яких застосований екстрадиційний арешт, їх захисників (законних представників).
650 ## - Додаткове предметне введення – тематичний термін
Джерело заголовка чи терміна UDC
Тематичний термін чи географічна назва, як елемент введення (НП) 343 Кримінальне право. Карні порушення
9 (RLIN) 1546
942 ## - Додаткові елементи входу (Коха)
Source of classification or shelving scheme Universal Decimal Classification
Тип елемента Koha Автореферат

Немає доступних примірників.